| 000 | 00575nam a22001817a 4500 | ||
|---|---|---|---|
| 005 | 20251108172750.0 | ||
| 008 | 250721s9999 xx 000 0 ara d | ||
| 082 | 1 | 4 | _a306.20956/معت |
| 100 | 1 |
_aمعتوق، فريدريك _eمؤلف |
|
| 245 | 1 | 0 | _aتطور الفكر السوسيولوجي العربي / |
| 264 | 1 |
_aبيروت : _bجروس برس، _c[19-]. |
|
| 300 | _a159ص | ||
| 650 | 1 | 7 | _aعلم الإجتماع السياسي |
| 650 | 1 | 7 | _aالبلدان العربية |
| 650 | 1 | 7 | _aالحضارة الإسلامية |
| 942 |
_2ddc _cBK |
||
| 999 |
_c87932 _d87932 |
||